What emerges from the force of our fists: Clinical approach to the extreme traumas of migratory journeys via psychoboxing (notice n° 1731788)
[ vue normale ]
| 000 -LEADER | |
|---|---|
| fixed length control field | 01689cam a2200157 4500500 |
| 005 - DATE AND TIME OF LATEST TRANSACTION | |
| control field | 20260322003416.0 |
| 041 ## - LANGUAGE CODE | |
| Language code of text/sound track or separate title | fre |
| 042 ## - AUTHENTICATION CODE | |
| Authentication code | dc |
| 100 10 - MAIN ENTRY--PERSONAL NAME | |
| Personal name | Jay, Emmanuelle |
| Relator term | author |
| 245 00 - TITLE STATEMENT | |
| Title | What emerges from the force of our fists: Clinical approach to the extreme traumas of migratory journeys via psychoboxing |
| 260 ## - PUBLICATION, DISTRIBUTION, ETC. | |
| Date of publication, distribution, etc. | 2026.<br/> |
| 500 ## - GENERAL NOTE | |
| General note | 94 |
| 520 ## - SUMMARY, ETC. | |
| Summary, etc. | This article proposes a feminist and postcolonial reinterpretation of Freud’s Totem and Taboo, critically examining social relations as structured through a commensal contract among brothers centered on the totemic meal in which sons devour the father and mutually renounce violence. The analysis highlights the symbolic suppression of nursing mothers and female reproductive labor, which are excluded from this foundational myth of society. Articulating feminist philosophy with race theory, the article demonstrates how such exclusion generates hermeneutic, reproductive, and political injustices. The concept of the “non-brother,” understood as non-commensal, sheds light on contemporary processes of ethnoracialization within republican commensality in France. Drawing on the work of Carole Pateman and Charles Mills, the article revisits the totemic meal as inaugurating a “sexual and racial contract” in which power, care, and civic rights are distributed. Ultimately, the study reconceptualizes feeding as a political act of social bonding, revealing the material and gendered conditions that underpin modern civility. |
| 786 0# - DATA SOURCE ENTRY | |
| Note | Le Coq-héron | 263 | 4 | 2026-02-04 | p. 167-177 | 0335-7899 |
| 856 41 - ELECTRONIC LOCATION AND ACCESS | |
| Uniform Resource Identifier | <a href="https://shs.cairn.info/journal-le-coq-heron-2025-4-page-167?lang=en&redirect-ssocas=7080">https://shs.cairn.info/journal-le-coq-heron-2025-4-page-167?lang=en&redirect-ssocas=7080</a> |
Pas d'exemplaire disponible.




Réseaux sociaux